| 000 | 00542pab a2200193 454500 | ||
|---|---|---|---|
| 008 | 180718b2004 xxu||||| |||| 00| 0 eng d | ||
| 100 | _aDass, Biswaroop | ||
| 245 | _aPerceptions, beliefs and practices related to health, hygiene, diseases and cure in rural India | ||
| 260 | _c2004 | ||
| 300 | _ap.1-22. | ||
| 362 | _aDec | ||
| 650 | _aHygiene - India | ||
| 650 | _aDiseases - India | ||
| 650 | _aBelief - India | ||
| 650 | _aHealth services - India | ||
| 650 | _aHealth services | ||
| 773 | _aMan and Development | ||
| 909 | _a64127 | ||
| 999 |
_c64127 _d64127 |
||